000 00830nam a22003017a 4500
001 0000341
003 KOHA_MİRAKIL
005 20260207001207.0
007 ta
008 081212b2005 tu a|||gr||||#0|||0|tur |
020 _a9755110690
_cTL1800000
040 _aTR-BiSEU
_btur
_cTR-BiSEU
_erda
041 0 _atur
044 _ctu
050 _aTL146
_b.D46 2005
100 1 _aDemirsoy, Mustafa.
245 1 _aMotorlu araçlar/
_cMustafa Demirsoy ; Mustafa Demirsoy.
264 1 _aİstanbul :
_bBirsen yayınevi
_c2005
300 _ac. :
_bresimli; 24 cm.
336 _ametin
_btxt
_2rdacontent
337 _aaracısız
_bn
_2rdamedia
338 _acilt
_bnc
_2rdacarrier
500 _aKaynakça var.
650 0 _aMotorlu taşıtlar.
_92367
650 0 _aMotor vehicles.
_92368
907 _aTeknoloji
942 _2lcc
_cBK
999 _c342
_d342